[Event "Capablanca Memorial Elite 49th"]
[Site "Havana"]
[Date "2014.05.11"]
[Round "4"]
[White "Vallejo Pons, Francisco"]
[Black "Dominguez Perez, Leinier"]
[Result "0-1"]
[WhiteElo "2700"]
[BlackElo "2768"]
[Annotator "Ftacnik,L"]
[PlyCount "94"]
[EventDate "2014.05.08"]
[EventType "tourn"]
[EventRounds "10"]
[EventCountry "CUB"]
[EventCategory "19"]
[SourceTitle "CBM 161"]
[Source "ChessBase"]
[SourceDate "2014.07.16"]
[SourceVersion "1"]
[SourceVersionDate "2014.07.16"]
[SourceQuality "1"]

1. e4 c5 2. Nc3 d6 3. Nge2 Nf6 4. h3 Nc6 5. d4 cxd4 6. Nxd4 a6 7. g4 Qb6 {
Grischuk is a great proponent of this idea to push the mighty knight from the
ideal d4-square. The move order in the game was a bit unusual, but in the end
it ammounts to the line 6.h3 Nc6 7.g4 Qb6.} 8. Nde2 {The b2-pawn is hanging so
White should not defend the centre with 8.Be3 and needs to decide what to do
with his best piece sitting on d4. The sad truth is that there is no ideal
square for the retreat of the knight, as the b3-square is a notoriously modest
location as is known from other Sicilian lines.} (8. Nb3 e6 9. g5 (9. Be3 Qc7
10. Qe2 (10. g5 Nd7 11. f4 b5 12. a4 b4 13. Ne2 Bb7 14. Bg2 Na5 15. Nxa5 Qxa5
16. O-O Be7 17. f5 exf5 18. exf5 Bxg2 19. Kxg2 Rc8 20. Ng3 Ne5 21. f6 gxf6 22.
gxf6 Bf8 23. Nf5 $14 {0-1 Pikula,D (2513)-Damljanovic,B (2590)/Vrsac 2007 (42)}
) (10. f4 b5 11. Bg2 Bb7 12. O-O Be7 13. g5 Nd7 14. Qe1 Nb6 15. Rd1 b4 16. Ne2
Nc4 17. Bc1 e5 18. Kh1 a5 19. fxe5 dxe5 $17 {1-0 Magem Badals,J (2531)-Fluvia
Poyatos,J (2469)/Lleida 2009 (35)}) 10... b5 11. f4 Bb7 12. Bg2 Be7 13. O-O-O
Nd7 14. Qf2 Na5 15. Nxa5 Qxa5 16. Kb1 Rc8 17. Bd4 O-O 18. e5 Bxg2 19. Qxg2 dxe5
20. fxe5 Nc5 21. Ne4 Nxe4 22. Qxe4 $11 {0-1 Dominguez Perez,L (2719)-Grischuk,
A (2736)/Moscow 2009 (44)}) (9. Bg2 Be7 10. Be3 (10. O-O h6 11. Be3 Qc7 12. f4
Nd7 13. Qf3 b5 14. e5 d5 15. Ne2 Bb7 16. Qf2 O-O 17. Rae1 Rae8 18. Ned4 Nd8 19.
Bd2 b4 20. c3 bxc3 21. Bxc3 Nc5 $11 {1/2 (59) Istratescu,A (2645)-Feller,S 
(2666) Caen 2011}) (10. g5 Nd7 11. O-O Qc7 12. Ne2 b5 13. f4 Bb7 14. f5 exf5
15. exf5 Nce5 16. Nc3 Bxg2 17. Kxg2 Nb6 18. Qe2 O-O 19. Be3 Qb7+ 20. Kh2 Nbc4
21. f6 Bd8 22. Bd4 $11 {1/2 (83) Prizant,J (2515)-Sjugirov,S (2647)
Yekaterinburg 2013}) 10... Qc7 11. g5 Nd7 12. f4 b5 13. Qd2 Bb7 14. O-O-O Nb6
15. Bxb6 Qxb6 16. h4 b4 17. Ne2 a5 18. Nbd4 a4 19. Kb1 Qc5 20. h5 Nxd4 21. Nxd4
a3 $15 {˝-˝ Naiditsch,A (2689)-Grischuk,A (2736)/Moscow 2009 (47)}) 9... Nd7
10. h4 Qc7 11. f4 (11. h5 b5 12. a3 (12. Rh3 Bb7 13. g6 Nf6 14. Be3 hxg6 15.
hxg6 Rxh3 16. Bxh3 Ne5 17. gxf7+ Qxf7 18. Nd4 Nxe4 19. Bxe6 Qg6 $11 {0-1 (84)
Sutovsky,E (2660)-Artemiev,V (2560) Baku 2013}) 12... Bb7 13. Rh3 Nce5 14. g6
hxg6 15. f4 Nc4 16. hxg6 Rxh3 17. gxf7+ Kxf7 18. Bxh3 Nf6 19. Nd4 Re8 $11 {
1-0 (156) Giri,A (2752)-Grischuk,A (2792) Flor & Fjaere 2014}) 11... b5 12. Bg2
Bb7 13. a3 g6 14. f5 Nde5 15. fxe6 fxe6 16. Bh3 Qe7 17. O-O Bg7 18. Ne2 Nf7 19.
Nf4 Bc8 $11 {1/2 (29) Nepomniachtchi,I (2730)-Grischuk,A (2792) Dubai 2014})
8... e6 (8... Bxg4 $6 9. hxg4 Nxg4 10. Nd4 $1 (10. Be3 Nxe3 11. fxe3 Qxe3 12.
Rh3 $16) 10... Nxd4 11. Nd5 Qc5 12. c3 Nxf2 13. Kxf2 Ne6+ 14. Be3 $16) 9. Bg2
Be7 (9... h6 10. Be3 Qc7 11. f4 b5 12. Ng3 Bb7 13. Qe2 Nd7 14. O-O b4 15. Na4
Be7 16. c4 bxc3 17. Nxc3 O-O 18. Rfc1 Qd8 19. b4 Bh4 20. Nf1 e5 21. Qd2 Re8 22.
Rd1 Nb6 $11 {0-1 (55) Saric,I (2637)-Palac,M (2583) Sibenik 2011}) 10. O-O {
Topalov has made an attempt to punish Black for his early foray with the queen
by means of the developing the bishop to a3.} (10. b3 h6 11. Qd2 (11. Bb2 Ne5
12. Qd2 Nc4 $1 13. Na4 Qc6 14. Nd4 Qxa4 15. bxa4 Nxd2 16. Kxd2 Bd7 $11) 11...
g5 $5 (11... O-O 12. Bb2 Nd7 13. Nf4 $13) 12. Ba3 Ne5 (12... O-O 13. f4 Nd7 14.
O-O-O Qf2 15. Rhg1 gxf4 16. Nxf4 Qxd2+ 17. Rxd2 Nc5 18. Kb1 $14) 13. O-O-O Qxf2
14. Bxd6 Bxd6 15. Qxd6 Nfd7 16. Nd4 Qf6 17. Qa3 Qe7 18. Qb2 O-O {1-0 (69)
Topalov,V (2805)-Grischuk,A (2736) Linares 2010} (18... b5 19. Nc6 Qc5 (19...
Nxc6 20. Nd5 exd5 21. Qxh8+ Qf8 22. Qxf8+ Kxf8 23. exd5 Nce5 24. d6 Rb8 $11)
20. Nd5 Qxc6 21. Nf6+ Ke7 22. Nxd7 Bxd7 23. Qxe5 Rac8 24. Rd2 Rhd8 $11)) 10...
O-O 11. a3 (11. Be3 Qc7 (11... Qxb2 $2 12. a3 $1 d5 13. Ra2 $18) 12. g5 Nd7 13.
f4 b5 14. a3 Bb7 $11) 11... Re8 12. Kh1 Qc7 {Dominguez sensibly admits that
White is able to push the queen out from b6. The priority at this moment is
centred around the idea of generating counterplay on the queenside.} 13. f4 b5
14. f5 (14. g5 Nd7 15. Be3 Bb7 $11) 14... Nd7 (14... Ne5 15. Nf4 (15. g5 Nh5
16. Qd4 Bb7 17. Qf2 exf5 18. exf5 Rac8 $11) 15... h6 16. fxe6 fxe6 $11) 15. Nf4
{Vallejo Pons will give a rather special spectacle with a logical effort to
play the standard kingside attack in the most original way possible.} (15. g5
$1 Bd8 16. Nf4 g6 $11) 15... Bf8 16. Nh5 (16. g5 Bb7 17. Nd3 $11) 16... Nce5 (
16... g6 17. Ng3 Bb7 18. Qf3 Rac8 $11) 17. Bg5 $6 {Concentrating pieces on the
kingside is in itself desirable, but without a pawn move it will be impossible
to break the ideal defensive pawn structure f7 to h7.} (17. g5 Bb7 18. f6 g6
19. Nf4 $11) 17... Bb7 18. Qc1 (18. fxe6 fxe6 19. Qd4 Qc5 20. Qxc5 Nxc5 $15)
18... Kh8 (18... Rac8 19. f6 g6 20. Bh6 Kh8 21. Bxf8 Rxf8 22. Ng3 Rg8 $15) 19.
Rf2 {If moves could talk the rook would certainly share a story about the
frustration of the player with White. His main idea of f5-f6 seems to favour
Black so Vallejo starts to dance around with his pieces.} (19. f6 g6 20. Ng3
Rad8 21. Nge2 d5 22. exd5 exd5 $15) 19... Rac8 20. Bh4 Qc5 (20... Nc4 21. f6 g6
22. Nf4 Qb6 (22... Nxb2 23. Nxb5 axb5 24. Qxb2 Nc5 $15) 23. g5 h6 $15) 21. Re2
a5 {The defender's counterplay on the queenside is very real and it happens in
yhr good old-fashioned manner - with a pawn advance!} (21... Qc7 22. Rf2 Nc4
$15) 22. a4 (22. Nf4 b4 23. axb4 axb4 24. Na4 Qb5 25. b3 exf5 26. gxf5 g6 $15)
22... b4 23. Nb5 Ba6 (23... exf5 24. gxf5 b3 25. c3 d5 $15) 24. fxe6 (24. Qg1
Qc4 25. Rd2 Bxb5 26. axb5 Qxb5 27. b3 Rc3 $15) 24... fxe6 25. Qg5 $2 {White is
definitely not lucky with his persistence in using the g5-square for his
pieces. The queen sortie is outright bad as Black has an easy way to cope with
the lurking dangers.} (25. Qg1 Qc4 26. Rf2 Bxb5 27. b3 Qc6 28. axb5 Qxb5 29.
Qd1 $15) 25... Bxb5 26. axb5 g6 $1 {[%mdl 256] It is always advisable to take
the enemy attack very seriously, but it does not mean that the defender should
feel paralysed. The simple advance of the g-pawn is forcing White to start the
retreat of his attacking pieces.} 27. Bf2 (27. Nf6 Nxf6 28. Qxf6+ Bg7 29. Qf1
Qxb5 $17) (27. Nf4 h6 $1 28. Nxg6+ Kg7 $19) 27... Qxb5 28. Ng3 Bg7 (28... Be7
$1 29. Qd2 (29. Qh6 Bf6 30. Bd4 Rf8 31. Qd2 Bh4 $17) 29... Nc4 30. Qd3 Bf6 $17)
29. Bd4 a4 30. Qd2 $2 {The white queen lives the life of a split personality
in this game. After failing to do anything positive on the kingside it
retreats for the defensive tasks, but it will not be very successful in that
either.} (30. Rf2 Nc5 31. Qe3 Rf8 $17) 30... Kg8 (30... Nc4 31. Qd3 (31. Bxg7+
Kxg7 32. Qd4+ e5 33. Qd5 Rc5 $19) 31... a3 32. bxa3 bxa3 33. Ree1 Bxd4 34.
Qxd4+ Kg8 $19) 31. b3 (31. Qd1 Rf8 32. Bf1 Nc5 $17) 31... a3 $1 32. Nf1 Bh6 {
Black has realised, that there is no danger for him and so he starts to
improve the coordination of his pieces.} (32... Nc6 $5 33. Bxg7 Kxg7 34. Re3
Nce5 $19) 33. Qd1 (33. Qxh6 $2 Qxe2 34. Ne3 Rf8 $19) 33... Nc6 (33... Rf8 34.
Nh2 Rf7 $19) 34. Bg1 (34. c4 Qb8 35. Bg1 Rf8 $19) 34... Bg7 35. Ra2 Nde5 (35...
Bd4 36. c4 Qc5 $19) 36. Rd2 Nf7 37. Ne3 Nce5 {The big goal of regrouping the
forces has been achieved; the only vulnerable spot (d6) is now well defended.}
(37... Bc3 38. Rf2 Bd4 39. Rf3 Qc5 $19) 38. Rd4 (38. h4 Rf8 39. g5 Rc3 40. Ng4
Nxg4 41. Qxg4 Re8 $19) 38... Nc6 39. Rd3 Nce5 40. Rd4 Rc3 $1 {The last move
before time control announces the final phase of the game. Dominguez is ready
to infiltrate the enemy position with devastating effect.} 41. Qd2 (41. h4 Qc5
42. Nc4 Nxc4 43. Rxc4 Qa5 44. Rxc3 Bxc3 $19) 41... Bh6 42. Qe1 Rec8 43. h4 (43.
Rd2 Ng5 $19) 43... Bxe3 44. Bxe3 Nxg4 {White has the bishop pair, but that
remains his last asset. Black is perfectly coordinated and can aim his sights
at the vulnerable white king.} 45. Bg1 (45. Bf4 Rxc2 46. Rxc2 Rxc2 47. Rxb4 Qe2
$19) 45... Qe5 46. Rd3 (46. Bf1 Re3 47. Qd2 Qf6 48. Bxe3 Qxh4+ 49. Kg1 Nfe5 50.
Bg2 Qh2+ 51. Kf1 Nxe3+ 52. Qxe3 Rf8+ $19) (46. Rxb4 Re3 47. Qd2 Qg3 $19) 46...
Rxc2 47. Rxc2 Rxc2 {The main reason for White's disaster was his unsuccesful
attempt to treat the standard position in a pretty original way.} 0-1

[Event "CUB-ch"]
[Site "Holguin"]
[Date "2002.04.17"]
[Round "15"]
[White "Gongora Reyes, Maikel"]
[Black "Herrera, Irisberto"]
[Result "1/2-1/2"]
[WhiteElo "2408"]
[BlackElo "2474"]
[Annotator "Ftacnik,L"]
[PlyCount "132"]
[EventDate "2002.03.31"]
[EventType "tourn"]
[EventRounds "17"]
[EventCountry "CUB"]
[EventCategory "9"]
[SourceTitle "CBM 089"]
[Source "ChessBase"]
[SourceDate "2002.08.12"]
[SourceVersion "1"]
[SourceVersionDate "2002.08.12"]
[SourceQuality "1"]

1. e4 c5 2. Nf3 d6 3. d4 cxd4 4. Nxd4 Nf6 5. Nc3 a6 6. Be3 e5 7. Nb3 Be6 8. f3
Nbd7 9. Qd2 b5 10. a4 b4 11. Nd5 Bxd5 12. exd5 Nb6 13. Bxb6 Qxb6 14. a5 Qb7 15.
Bc4 g6 16. Ra4 Rb8 17. Nc1 $5 h5 18. Na2 Bh6 19. Qd3 O-O 20. Bxa6 Qa7 21. Bb5
e4 $5 {Black needs to play very creatively in order to fight for equality in
17.Nc1!? line.} 22. fxe4 Ng4 (22... Nxe4 23. Qxe4 Rxb5 24. Nxb4 Rxa5 25. Rxa5
Qxa5 26. O-O $16) 23. Rf1 (23. Qe2 $2 Rxb5 24. h3 Rxa5 $19) 23... Ne5 24. Qe2
b3 (24... Rfc8 25. Nxb4 (25. Ba6 Rc5 26. b3 Qc7 27. c3 bxc3 28. b4 c2 $19)
25... Qc5 26. c4 (26. Ba6 Rxb4 27. Rxb4 Qxb4+ 28. c3 Rxc3 29. bxc3 Qxc3+ $17)
26... Qd4 27. Ra1 Rxc4 $1 $15) 25. cxb3 Rxb5 $5 (25... Rfc8 26. Bc4 (26. Nc3 $2
Rxb5 27. Qxb5 Qe3+ 28. Qe2 Nd3+ 29. Kd1 Qc1#) 26... Rxc4 27. Rxc4 Qxa5+ 28. Nc3
Nxc4 29. bxc4 Bg7 $14) 26. Qxb5 Rb8 27. Qe2 Rxb3 28. Ra3 (28. Kd1 Qb8 $17)
28... Rxa3 {The sacrifice of the exchange is pretty dangerous for black, if
white can organize his pieces his chance will be excellent.} (28... Nd3+ 29.
Qxd3 Rxd3 30. Rxd3 Qxa5+ 31. Nc3 Qa1+ 32. Nd1 Qa4 $11) 29. bxa3 Qxa5+ 30. Kf2
Qa7+ 31. Kg3 Qxa3+ 32. Kh4 Qa7 (32... f5 $5 33. Qc2 (33. exf5 g5+ 34. Kxh5 Qa4
35. Kxh6 Qh4+ 36. Qh5 Nf7+ 37. Kg6 Ne5+ $11) 33... Qe3 34. g3 fxe4 35. Kh3 $14)
33. Nb4 Qe7+ 34. Kh3 (34. Kg3 Bg5 (34... Ng4 35. Nc6 Qg5 (35... Qd7 36. h3 $18)
36. h4 $18) 35. h3 f5 36. Kh2 $16) 34... Ng4 35. Nc6 Qd7 36. Kg3 Bg5 37. Rh1 (
37. h4 Bf6 38. Qd2 Ne5 39. Qf4 $16) 37... h4+ 38. Kf3 (38. Kh3 $2 Nf2#) 38...
Ne3 39. h3 (39. Kf2 Nxd5 $1 40. exd5 Qf5+ 41. Qf3 Qc2+ 42. Qe2 Qf5+ 43. Ke1
Qb1+ 44. Qd1 Qe4+ $11) 39... f5 40. Qd3 $2 {[%mdl 8192] Terrible mistake
probably in time trouble, white will suffer due to the insecure position of
his king.} (40. Re1 fxe4+ (40... Qf7 41. Kf2 $14) 41. Kf2 Qf5+ 42. Kg1 Qxd5 43.
Ne7+ Bxe7 44. Qxe3 Bf6 45. Qxe4 Qxe4 46. Rxe4 Kf7 47. Kf2 $14) 40... fxe4+ 41.
Qxe4 (41. Kxe4 $4 Qf5+ 42. Kd4 Qf6+ 43. Ke4 Qf4#) 41... Qf7+ 42. Ke2 Nxd5 43.
Ke1 (43. Qc2 Qe6+ 44. Kf2 Be3+ 45. Kf1 Bc5 $19) 43... Nc3 44. Qf3 (44. Qd3 Qe6+
45. Kf1 Ne4 $19) 44... Qe6+ (44... Qb3 45. Rf1 Qb1+ 46. Kf2 Qc2+ 47. Kg1 Ne2+
48. Kh1 Ng3+ 49. Kh2 Nxf1+ 50. Qxf1 $17) 45. Kf1 (45. Kf2 Ne4+ 46. Kg1 Nd2 $19)
45... Ne4 46. Kg1 Ng3 (46... Nd2 $1 47. Qg4 (47. Qd3 Qe1+ 48. Kh2 Bf4+ $19) (
47. Qf2 Be3 $19) 47... Qe3+ 48. Kh2 Bf4+ $19) 47. Kh2 (47. Qd1 Qe3+ 48. Kh2 Bf4
49. Qd5+ Kf8 $19) 47... Nxh1 48. Kxh1 Kg7 $2 {This move not only misses an
easy win, but probably gives away the lion share of the advantage.} (48... Qe1+
49. Kh2 Be3 50. Ne7+ Kg7 $19) 49. Qd1 Bf6 50. Nb4 Be5 51. Nd5 Bg3 52. Qa1+ Qe5
(52... Kf7 53. Qd1 $15) 53. Qxe5+ Bxe5 (53... dxe5 54. Kg1 Kf7 55. Kf1 Ke6 56.
Nc3 Kf5 57. Ke2 e4 58. Nd5 $15) 54. Kg1 Kf7 55. Kf2 Ke6 56. Nb4 d5 (56... Bc3
57. Nd3 Kf5 58. Kf3 $15) 57. Ke3 Bc3 58. Nd3 g5 (58... Kf5 59. Kf3 d4 60. Nf4
g5 61. Nd3 $15) 59. Nc5+ Kf5 (59... Kd6 60. Nd3 Kc6 61. Nf2 Kc5 62. Kd3 $15)
60. Nd3 d4+ 61. Kf3 Bd2 62. Nc5 Bb4 (62... Ke5 63. Nd3+ Kd5 64. Nf2 Kc4 65. Ke2
Be3 66. Nd3 Kc3 67. Ne1 $15) 63. Nd3 Bd6 64. Nb2 Bf4 65. Nd3 Be3 66. Nb2 Ke5
1/2-1/2

[Event "CUB-ch"]
[Site "Holguin"]
[Date "2002.04.14"]
[Round "13"]
[White "Gonzalez Vidal, Yuri"]
[Black "Vera Gonzalez Quevedo, Reynaldo"]
[Result "0-1"]
[WhiteElo "2444"]
[BlackElo "2534"]
[Annotator "Ftacnik,L"]
[PlyCount "100"]
[EventDate "2002.03.31"]
[EventType "tourn"]
[EventRounds "17"]
[EventCountry "CUB"]
[EventCategory "9"]
[SourceTitle "CBM 089"]
[Source "ChessBase"]
[SourceDate "2002.08.12"]
[SourceVersion "1"]
[SourceVersionDate "2002.08.12"]
[SourceQuality "1"]

1. e4 c5 2. Nf3 d6 3. d4 cxd4 4. Nxd4 Nf6 5. Nc3 a6 6. Be3 e5 7. Nb3 Be6 8. f3
Nbd7 9. g4 b5 10. g5 b4 11. Ne2 Nh5 12. Qd2 a5 13. Ng3 Nxg3 14. hxg3 a4 15. Nc1
Qa5 16. Nd3 d5 17. exd5 Bxd5 18. Bh3 Rd8 19. Bxd7+ Rxd7 20. Nxe5 Rd8 {Vera
sacrificed the pawn, but he can look at the compensation in bishop's pair and
active pieces.} (20... Re7 21. O-O-O Rxe5 22. Bf4 Re6 23. Qxd5 Qxd5 24. Rxd5
Be7 25. Kd2 f6 26. g6 h6 27. Re1 {1-0 Ni Hua-Xu Yaping/Beijing 2001/ (36)}) 21.
O-O-O Be7 22. Qe2 (22. Bd4 Qa6 23. Qe3 b3 $15) 22... b3 23. a3 (23. Bd2 Qc5 $15
) 23... Rc8 (23... Qc7 24. c4 Qxe5 25. cxd5 Rxd5 26. Rxd5 Qxd5 27. Bf4 $11) 24.
Rd2 (24. c4 Be6 25. Bd2 Qc5 26. Rh4 $14) 24... Be6 25. Bf4 Bxa3 $2 {[%mdl 512]
Spirited idea, but it is rather flawed and Gonzalez has problems to choose the
safest refutation.} (25... bxc2 26. Rxc2 $16) 26. bxa3 Qc5 27. c4 (27. Kb1 Qxa3
(27... O-O 28. Qd3 g6 29. Kb2 $18) 28. Qb5+ Kf8 29. cxb3 Bf5+ 30. Nd3 $18)
27... Qxa3+ 28. Kb1 Bf5+ 29. Nd3+ Kf8 30. Be5 Rd8 (30... Re8 31. f4 f6 32. gxf6
gxf6 33. g4 Bg6 (33... Bxd3+ 34. Qxd3 fxe5 35. Qf5+ $18) 34. f5 Bf7 35. Qh2
fxe5 36. Qh6+ Kg8 37. Qg5+ Kf8 38. Nxe5 $16) 31. Rhd1 Re8 32. f4 h5 (32... f6
33. gxf6 gxf6 34. g4 $1 Bg6 35. f5 Bf7 36. Qh2 fxe5 37. Qh6+ Kg8 38. Qg5+ Kf8
39. Nxe5 $18) 33. Qf2 Rd8 34. c5 (34. Bc7 Rxd3 35. Rxd3 b2 36. Qf3 Kg8 37. Be5
Kh7 (37... Qb3 38. Bxb2 a3 39. R1d2 Kh7 40. Qd5 $14) 38. Bxb2 Rb8 39. Qxh5+ Kg8
40. Qe2 Bxd3+ 41. Rxd3 Rxb2+ 42. Qxb2 Qxd3+ $11) 34... Kg8 35. Bd6 (35. c6 $1
Rc8 (35... Rxd3 $6 36. Rxd3 b2 37. Qe2 Qa1+ 38. Kc2 Qa2 39. Bxb2 a3 40. Kc3 $18
) 36. Qg2 Qb4 $14) 35... b2 $1 {With this idea black finally managed to get
real counterplay, white's king is under fire.} 36. Qf1 (36. Rxb2 Bxd3+ $19)
36... Qa1+ 37. Kc2 Qa2 38. Kc3 (38. Rb1 $2 Qb3#) 38... Qa3+ $2 (38... Qb3+ 39.
Kd4 a3 $13) 39. Kd4 Kh7 40. Nxb2 (40. Rxb2 $2 Rhe8 41. Rb6 (41. Re2 Rxd6+ 42.
cxd6 Qxd6+ 43. Kc3 Qa3+ $19) (41. Rbb1 Re4+ 42. Kd5 Re3 $40) 41... Re4+ 42. Kd5
Qa2+ 43. Kc6 Bd7+ 44. Kb7 (44. Kc7 Rc8+ 45. Kb7 Qd5+) 44... Qd5+ $19) 40...
Rhe8 41. Nc4 (41. Re2 Rxd6+ $1 42. cxd6 Qxd6+ 43. Kc3 Qa3+ 44. Kc4 Rc8+ $19)
41... Re4+ 42. Kd5 {The king on d5 does not emit health or confidence, the
board is still full of pieces.} Qb3 43. Rb2 (43. Rb1 $5 Qxc4+ 44. Qxc4 Rxc4 45.
Kxc4 Bxb1 46. Kb4 $14) 43... Qc3 44. g4 (44. Rc1 Qd4+ 45. Kc6 Rc8+ 46. Kb5 (46.
Kb6 Re6 47. Ka7 Rxc5 $17) 46... Bd7+ 47. Kb6 Re6 $40) 44... Rxc4 $1 45. gxf5 (
45. Qxc4 Be6+ $19) 45... Rxc5+ 46. Ke4 Rc4+ 47. Kd5 Rc5+ 48. Ke4 Re8+ 49. Be5
Rexe5+ 50. fxe5 Rxe5+ (50... Rxe5+ 51. Kf4 Qe3#) 0-1

[Event "Reykjavik op 23rd"]
[Site "Reykjavik"]
[Date "2008.03.08"]
[Round "6"]
[White "Hillarp Persson, Tiger"]
[Black "Wang, Hao"]
[Result "0-1"]
[WhiteElo "2535"]
[BlackElo "2665"]
[Annotator "Ftacnik,L"]
[PlyCount "86"]
[EventDate "2008.03.03"]
[EventType "swiss"]
[EventRounds "9"]
[EventCountry "ISL"]
[SourceTitle "CBM 123"]
[Source "ChessBase"]
[SourceDate "2008.04.02"]
[SourceVersion "1"]
[SourceVersionDate "2008.04.02"]
[SourceQuality "1"]

1. e4 c5 2. Nf3 d6 3. d4 cxd4 4. Nxd4 Nf6 5. Nc3 a6 6. Be3 e5 7. Nb3 Be7 8. f3
Be6 9. Qd2 O-O 10. O-O-O Nbd7 11. g4 b5 12. g5 b4 13. Ne2 Ne8 14. f4 a5 15. f5
Bxb3 {[%mdl 4] In the refreshing development of this ultra sharp line, Black
is finally finding alternatives to the much played and analysed line starting
with 15...a4.} (15... a4 16. Nbd4 exd4 17. Nxd4 b3 18. Kb1 bxc2+ 19. Nxc2 Bb3)
16. cxb3 a4 17. bxa4 Rxa4 18. b3 {Exposing the king's territory, but otherwise
the rook sacrifice on a2 invites White into dangerous complications.} (18. Kb1
Rxa2 $5 19. Kxa2 Qa8+ 20. Kb3 (20. Kb1 Qxe4+ 21. Qc2 Qxh1 22. f6 Bd8 23. Ng3
Qf3 $15) 20... Bxg5 21. Qd3 (21. Qd5 Qxd5+ 22. Rxd5 Bxe3 23. Bg2 Bc5 24. Ra1
Nef6 25. Rd2 g6 26. Ra6 Kg7 27. Ng3 Rb8 28. Rc6 Rb7 29. Bf3 Rb8 30. h4 {
1/2 Motylev,A (2644)-Maslak,K (2510)/Moscow 2008/LF08_02/}) 21... Nef6 22. Bg2
Bxe3 23. Qxe3 Qc6 24. Rc1 Nc5+ 25. Rxc5 dxc5 26. Ra1 c4+ 27. Kc2 Ng4 28. Qg3
Rd8 29. Qxg4 Qd6 30. Nd4 Qxd4 31. Rd1 b3+ 32. Kc1 Qe3+ 33. Kb1 Rd2 34. Qf3 Qa7
35. Qe2 Qa2+ 36. Kc1 Qxb2# {0-1 Szelag,M (2469)-Bobras,P (2558)/Ustron 2007})
18... Ra5 (18... Ra3 19. f6 gxf6 20. gxf6 Bxf6 21. Ng3 Qa5 22. Nf5 Rxa2 23.
Ne7+ Kh8 24. Qxa2 Qxa2 25. Bc4 Nc7 26. Rhf1 Qa1+ 27. Kc2 Qc3+ 28. Kb1 Ra8 {
0-1 Blazkova,P (2190)-Dworakowska,J (2190)/Herculane 1994}) 19. Ng3 d5 $5 20.
exd5 Bc5 21. Kb1 (21. Bxc5 Rxc5+ 22. Kb1 Nd6 23. Bd3 (23. Qxb4 Qxg5 $11) 23...
Re8 24. Rhe1 Qa5 25. Qg2 $14) 21... Qa8 (21... Bxe3 22. Qxe3 Nb6 23. Bg2 Nxd5
24. Bxd5 Rxd5 25. Rxd5 Qxd5 26. f6 Nd6 $11) 22. a4 $6 {It is hard to believe,
that the seriousness of Black's activity merited such desperate meassures.} (
22. Bg1 $5 Qa7 23. Bxc5 Nxc5 24. d6 Nxd6 25. g6 (25. Qxd6 Rxa2 26. Qxe5 Ra8 $19
) 25... hxg6 26. fxg6 Ncb7 $13) 22... bxa3 23. Ka2 (23. Ne4 Bxe3 24. Qxe3 Nc7
25. d6 Nd5 $17) 23... Nd6 24. f6 Rb8 25. Rb1 {Too many black pieces were
flocking around the shaky cover of the white king.} (25. Be2 Rxb3 $1 26. Kxb3
Bxe3 27. Qc3 (27. Qxe3 Qb7+ $19) 27... Bd4 $19) 25... Bxe3 26. Qxe3 Nb6 (26...
Qxd5 27. Be2 Qe6 $17) 27. Bg2 Nxd5 28. Bxd5 Qxd5 (28... Rxd5 29. fxg7 Qa5 30.
Rbd1 Rc8 $17) 29. Rhd1 Qe6 30. Qd3 {Hillarp Persson manages to stay in the
game with the help of counterplay benefiting also from the back rank weakness.}
(30. fxg7 Nb5 31. Nh5 Nd4 32. Nf6+ Kxg7 33. Qd3 Qf5 34. Qxf5 Nxf5 $17) 30...
Ne8 31. fxg7 Ra4 (31... Nxg7 32. Ne4 Ne8 33. Qd7 $1 Qg6 $15) 32. Qd7 Rh4 33.
Qxe6 Rxh2+ (33... fxe6 34. Rd2 $11) 34. Kxa3 fxe6 35. Rd7 {The endgame should
be defendable for White, since he can hope to profit from the potential of the
b-pawn.} (35. Rh1 Rg2 36. Rbg1 Rxg1 37. Rxg1 Nxg7 $15) 35... Nxg7 (35... Ra8+
36. Kb4 Rh4+ 37. Kc5 Rc8+ 38. Kb6 Nxg7 39. b4 $15) 36. Ne4 $6 (36. Re1 $1 Rh3
37. Re3 $11) 36... Nf5 37. Nf6+ Kh8 38. Rb2 (38. Rbd1 Nd4 39. Rd3 Nc2+ 40. Kb2
Ne1+ 41. Rd2 Rxd2+ 42. Rxd2 Nf3 $17) 38... Rh3 39. Ka4 $2 {The concentrated
pressure of black pieces has proven to be too much in White's time pressure.} (
39. Ra7 Nd4 40. Nd7 Rg8 41. Rb7 Ra8+ 42. Kb4 e4 $17) 39... Nd4 40. Ra7 (40. Rg2
Nxb3 $19) 40... Nxb3 41. Rc2 Rh1 42. Ka3 Nd4 43. Rc1 (43. Ra2 Nb5+ $19) 43...
Nb5+ (43... Nb5+ 44. Ka4 Rh4+ $19) 0-1